| 000 | 00792nam a2200229 4500 | ||
|---|---|---|---|
| 001 | 173331 | ||
| 003 | ES-MaACL | ||
| 005 | 20230906215220.0 | ||
| 008 | 091125s1970 mx |||| | spa d | ||
| 080 | _a860(729.1)-31"19" | ||
| 100 | 1 |
_aLezama Lima, José. _972118 |
|
| 245 | 1 | 0 |
_aParadiso / _cJosé Lezama Lima ; ilustraciones de René Portocarrero. |
| 250 | _aEd. rev. por el autor, y al cuidado de Julio Cortázar y Carlos Monsiváis. | ||
| 260 |
_aMéxico D.F. : _bEra, _c1970. |
||
| 300 |
_a490 p., [16] p. de lám. ; _c20 cm. |
||
| 490 | 1 | _aBiblioteca Era | |
| 595 | _a2ª ed. en Bibl. Era. | ||
| 700 | 1 |
_aPortocarrero, René. _993290 |
|
| 830 | 0 |
_aBiblioteca Era _9183201 |
|
| 852 | 4 |
_aES-MaACL _jE-13241 . - _zBiblioteca Jacinto Martínez Lacalle |
|
| 999 |
_c173331 _d173331 |
||